00348 a2200121 450000100060000010000050000624500340001126000300004509000170007594200310009299900190012395200840014257589 a aIslam in various perspectives aLahorebMinhaj ul Quranc c35324d35324 aNUST-CAEcMONOGRAPHc28141 c292662d292662 001040708NFICaCAEbCAEd2017-04-03l0pCAE80270r2017-04-05w2017-04-05yBK